[Event "IND-ch U09 op 32nd"]
[Site "Ranchi"]
[Date "2018.09.18"]
[Round "6.6"]
[White "Bhagat, Kush"]
[Black "Wanjari, Krupal"]
[Result "1/2-1/2"]
[WhiteElo "1539"]
[BlackElo "1307"]
[PlyCount "79"]
[EventDate "2018.09.15"]
[EventType "swiss"]
[EventRounds "11"]
[EventCountry "IND"]
[SourceTitle "EXT 2024"]
[Source "ChessBase"]
[SourceDate "2023.10.10"]
[SourceVersion "1"]
[SourceVersionDate "2023.10.10"]
[SourceQuality "1"]

1. d4 Nf6 2. Bf4 e6 3. e3 b6 4. Nf3 Bb7 5. Nbd2 Be7 6. Bd3 0-0 7. c3 d6 8. h3 Nbd7 9. 0-0 Re8 10. Bh2 e5 11. Bc2 e4 12. Ne1 Ba6 13. c4 d5 14. Kh1 dxc4 15. Rg1 Bb4 16. a3 Bxd2 17. Qxd2 c5 18. Rd1 cxd4 19. exd4 Rc8 20. Bb1 Nd5 21. Rc1 e3 22. fxe3 Nxe3 23. Nf3 Nd5 24. Qc2 Nf8 25. Qa4 Bb7 26. Qxa7 Qd7 27. Ne5 Rxe5 28. Bxe5 Ra8 29. Bf5 Ne6 30. Qxa8+ Bxa8 31. Rxc4 Ne3 32. Rc7 Qe8 33. Bxe6 Qxe6 34. Kh2 h6 35. Re1 Qd5 36. Re2 Kh7 37. Rf2 Nf5 38. Rc8 Kg6 39. h4 h5 40. Rc3 1/2-1/2